Economía mundial y la economía colombiana / (Registro nro. 5604)
[ vista simple ]
| 000 -LEADER | |
|---|---|
| fixed length control field | 01358nam a2200265Ia 4500 |
| 003 - CONTROL NUMBER IDENTIFIER | |
| control field | OSt |
| 005 - DATE AND TIME OF LATEST TRANSACTION | |
| control field | 20200716154600.0 |
| 008 - FIXED-LENGTH DATA ELEMENTS--GENERAL INFORMATION | |
| fixed length control field | 191128s1982 ck fr 100 0 spa d |
| 040 ## - CATALOGING SOURCE | |
| Original cataloging agency | CO-JMCR |
| Transcribing agency | CO-JMCR |
| 041 0# - LANGUAGE CODE | |
| Language code of text/sound track or separate title | spa |
| 082 04 - DEWEY DECIMAL CLASSIFICATION NUMBER | |
| Classification number | 338.91 / |
| Item number | S471e |
| Edition number | 23 |
| 111 2# - MAIN ENTRY--MEETING NAME | |
| Meeting name or jurisdiction name as entry element | Seminario sobre Economía Mundial |
| Date of meeting or treaty signing | (1981 : |
| Location of meeting | Bogotá) |
| 9 (RLIN) | 7403 |
| 245 10 - TITLE STATEMENT | |
| Title | Economía mundial y la economía colombiana / |
| Statement of responsibility, etc. | Seminario sobre Economía Mundial ; editor Astrid Martínez O. ; dirección editorial Gustavo Reyes Zambrano |
| 250 ## - EDITION STATEMENT | |
| Edition statement | Primera edición |
| 260 ## - PUBLICATION, DISTRIBUTION, ETC. | |
| Place of publication, distribution, etc. | Bogotá : |
| Name of publisher, distributor, etc. | Universidad Nacional de Colombia, |
| Date of publication, distribution, etc. | 1982 |
| 300 ## - PHYSICAL DESCRIPTION | |
| Extent | 100 páginas ; |
| Dimensions | 24 cm. |
| 500 ## - GENERAL NOTE | |
| General note | Esta publicación fue financiada por el Instituto Colombiana para el Fomento de la Educación Superior - Icfes--Tapa |
| 505 0# - FORMATTED CONTENTS NOTE | |
| Formatted contents note | Crisis energética mundial: realidades y perspectivas -- La crisis del capitalismo central y su impacto sobre el capitalismo periférico -- La política de liberación de importaciones : el caso colombiano 1974-1980 |
| 650 14 - SUBJECT ADDED ENTRY--TOPICAL TERM | |
| Topical term or geographic name entry element | Evaluación económica |
| Form subdivision | Congresos, conferencias, etc |
| 9 (RLIN) | 7404 |
| 650 14 - SUBJECT ADDED ENTRY--TOPICAL TERM | |
| Topical term or geographic name entry element | Crisis económica |
| Form subdivision | Congresos, conferencias, etc |
| 9 (RLIN) | 7405 |
| 650 14 - SUBJECT ADDED ENTRY--TOPICAL TERM | |
| Topical term or geographic name entry element | Economía colombiana |
| Form subdivision | Congresos, conferencias, etc |
| 9 (RLIN) | 7406 |
| 700 1# - ADDED ENTRY--PERSONAL NAME | |
| Personal name | Martínez O., Astrid, |
| Dates associated with a name | |
| Relator term | editora |
| 9 (RLIN) | 7407 |
| 700 1# - ADDED ENTRY--PERSONAL NAME | |
| Personal name | Reyes Zambrano, Gustavo, |
| Relator term | director |
| 9 (RLIN) | 7408 |
| 942 ## - ADDED ENTRY ELEMENTS (KOHA) | |
| Source of classification or shelving scheme | Dewey Decimal Classification |
| Koha item type | Books |
| Withdrawn status | Lost status | Source of classification or shelving scheme | Damaged status | Not for loan | Home library | Current library | Date acquired | Source of acquisition | Full call number | Barcode | Date last seen | Copy number | Koha item type |
|---|---|---|---|---|---|---|---|---|---|---|---|---|---|
| Dewey Decimal Classification | Biblioteca Pública José María del Castillo y Rada | Biblioteca Pública José María del Castillo y Rada | 04/15/2018 | Donación | 338.91 / S471e | 430002607 | 05/16/2024 | Ej.1 | Books |